Cosmos / (Registro nro. 2132)

000 -CABECERA
campo de control de longitud fija 01924nam a2200469 a 4500
001 - NÚMERO DE CONTROL
campo de control 000036076
005 - FECHA Y HORA DE LA ÚLTIMA TRANSACCIÓN
campo de control 20200120222250.0
008 - DATOS DE LONGITUD FIJA--INFORMACIÓN GENERAL
campo de control de longitud fija 090713s2000 esp eng d
082 04 - NÚMERO DE LA CLASIFICACIÓN DECIMAL DEWEY
Número de clasificación 523.1
Número de documento/Ítem S13 2000
100 0# - ENTRADA PRINCIPAL--NOMBRE DE PERSONA
Nombre de persona Sagan, Carl
245 10 - MENCIÓN DE TÍTULO
Título Cosmos /
Mención de responsabilidad, etc. Carl Sagan; producido por Gregory Andofer y Kent Gibson; investigadores Deane Rink y Nancy Kinney; escritores Ann Druyan y Steve Soter.
250 ## - MENCIÓN DE EDICIÓN
Mención de edición 1a. ed.
260 ## - PUBLICACIÓN, DISTRIBUCIÓN, ETC.
Lugar de publicación, distribución, etc. Madrid :
Nombre del editor, distribuidor, etc. Suevia,
Fecha de publicación, distribución, etc. 2000.
300 ## - DESCRIPCIÓN FÍSICA
Extensión 7 DVD : 730 min. aprox. : son., col.
500 ## - NOTA GENERAL
Nota general dvd.1 ej.1 de Mosquera donado por la Biblioteca Nacional - PNLB 2012.
501 ## - NOTA DE "CON"
Nota de “Con” "Imágenes extras nunca antes vistas"
505 ## - NOTA DE CONTENIDO CON FORMATO
Nota de contenido con formato V. 1 : Capítulos 1 y 2: En al orilla del océano; Una voz en la fuga cósmica
505 ## - NOTA DE CONTENIDO CON FORMATO
Nota de contenido con formato V. 2 : Capítulos 3 y 4: La armonía de los mundos: Cielo e Infierno
505 ## - NOTA DE CONTENIDO CON FORMATO
Nota de contenido con formato V. 3 : Capítulos 5 y 6: Blues para un planeta rojo; Historias de viajeros
505 ## - NOTA DE CONTENIDO CON FORMATO
Nota de contenido con formato V. 4 : Capítulos 7 y 8: El espinazo de la noche; Viajes a través del espacio y el tiempo
505 ## - NOTA DE CONTENIDO CON FORMATO
Nota de contenido con formato V. 5 : Capítulos 9 y 10: Las vidas de las estrellas; El filo de la eternidad
505 ## - NOTA DE CONTENIDO CON FORMATO
Nota de contenido con formato V. 6 : Captiulos 11 y 12: La persistencia de la memoria; Enciclopedia galactica
505 ## - NOTA DE CONTENIDO CON FORMATO
Nota de contenido con formato V. 7 : Capítulo 13:. ¿Quién habla en nombre de la Tierra ?; Versión extendida: Cosmos 10 años después
546 ## - NOTA DE LENGUA/LENGUAJE
Nota de lengua/lenguaje Inglés y Español con subtítulos en Inglés, Español y Portugués
650 14 - PUNTO DE ACCESO ADICIONAL DE MATERIA--TÉRMINO DE MATERIA
Término de materia o nombre geográfico como elemento de entrada COSMOS
650 14 - PUNTO DE ACCESO ADICIONAL DE MATERIA--TÉRMINO DE MATERIA
Término de materia o nombre geográfico como elemento de entrada UNIVERSO
650 14 - PUNTO DE ACCESO ADICIONAL DE MATERIA--TÉRMINO DE MATERIA
Término de materia o nombre geográfico como elemento de entrada ESTRELLAS
650 14 - PUNTO DE ACCESO ADICIONAL DE MATERIA--TÉRMINO DE MATERIA
Término de materia o nombre geográfico como elemento de entrada GALAXIAS
650 14 - PUNTO DE ACCESO ADICIONAL DE MATERIA--TÉRMINO DE MATERIA
Término de materia o nombre geográfico como elemento de entrada CIELO
650 14 - PUNTO DE ACCESO ADICIONAL DE MATERIA--TÉRMINO DE MATERIA
Término de materia o nombre geográfico como elemento de entrada PLANETAS
650 14 - PUNTO DE ACCESO ADICIONAL DE MATERIA--TÉRMINO DE MATERIA
Término de materia o nombre geográfico como elemento de entrada CIENTIFICOS
650 14 - PUNTO DE ACCESO ADICIONAL DE MATERIA--TÉRMINO DE MATERIA
Término de materia o nombre geográfico como elemento de entrada ASTRONOMIA
650 14 - PUNTO DE ACCESO ADICIONAL DE MATERIA--TÉRMINO DE MATERIA
Término de materia o nombre geográfico como elemento de entrada FILOSOFIA DE LA NATURALEZA
650 14 - PUNTO DE ACCESO ADICIONAL DE MATERIA--TÉRMINO DE MATERIA
Término de materia o nombre geográfico como elemento de entrada ESPACIO Y TIEMPO
700 1# - PUNTO DE ACCESO ADICIONAL--NOMBRE DE PERSONA
Nombre de persona Andorfer, Gregory, prod.
700 1# - PUNTO DE ACCESO ADICIONAL--NOMBRE DE PERSONA
Nombre de persona Rink, Deane, inv.
700 1# - PUNTO DE ACCESO ADICIONAL--NOMBRE DE PERSONA
Nombre de persona Kinney, Nancy, inv.
700 1# - PUNTO DE ACCESO ADICIONAL--NOMBRE DE PERSONA
Nombre de persona Gibson, Kent, prod.
700 1# - PUNTO DE ACCESO ADICIONAL--NOMBRE DE PERSONA
Nombre de persona Druyan, Ann
700 1# - PUNTO DE ACCESO ADICIONAL--NOMBRE DE PERSONA
Nombre de persona Soter, Steve
901 ## - ELEMENTOS DE DATOS A LOCAL LDA (RLIN)
a Compra, 2009
Existencias
Estado de retiro Estado de pérdida Fuente del sistema de clasificación o colocación Estado dañado No para préstamo Código de colección Localización permanente Ubicación/localización actual Fecha de adquisición Número de inventario Total de préstamos Signatura topográfica completa Código de barras Fecha visto por última vez Fecha del último préstamo Número de copia Precio válido a partir de Tipo de ítem Koha Nota pública
          Multimedia Biblioteca Pública San Juan Bosco Biblioteca Pública San Juan Bosco 20/01/2020 114080 1 523.1 S13 2000 MOS005803 20/01/2021 30/11/2020 v.1 ej.1 20/01/2020 DVD Tres días-Hemeroteca-Bib.Elec
          Multimedia Biblioteca Pública San Juan Bosco Biblioteca Pública San Juan Bosco 20/01/2020 114078 2 523.1 S13 2000 MOS005804 20/01/2021 30/11/2020 v.2 ej.1 20/01/2020 DVD Tres días-Hemeroteca-Bib.Elec
          Multimedia Biblioteca Pública San Juan Bosco Biblioteca Pública San Juan Bosco 20/01/2020 114079 1 523.1 S13 2000 MOS005805 30/11/2020 30/11/2020 v.3 ej.1 20/01/2020 DVD Tres días-Hemeroteca-Bib.Elec
          Multimedia Biblioteca Pública San Juan Bosco Biblioteca Pública San Juan Bosco 20/01/2020 114081   523.1 S13 2000 MOS005806 20/01/2020   v.4 ej.1 20/01/2020 DVD Tres días-Hemeroteca-Bib.Elec
          Multimedia Biblioteca Pública San Juan Bosco Biblioteca Pública San Juan Bosco 20/01/2020 114082   523.1 S13 2000 MOS005807 20/01/2020   v.5 ej.1 20/01/2020 DVD Tres días-Hemeroteca-Bib.Elec
          Multimedia Biblioteca Pública San Juan Bosco Biblioteca Pública San Juan Bosco 20/01/2020 114084   523.1 S13 2000 MOS005808 20/01/2020   v.6 ej.1 20/01/2020 DVD Tres días-Hemeroteca-Bib.Elec
          Multimedia Biblioteca Pública San Juan Bosco Biblioteca Pública San Juan Bosco 20/01/2020 114083   523.1 S13 2000 MOS005809 20/01/2020   v.7 ej.1 20/01/2020 DVD Tres días-Hemeroteca-Bib.Elec

© Todos los derechos reservados para la Biblioteca Pública Municipal San Juan Bosco, 2020
Secretaria de Cultura de Mosquera
Carrera 3 N° 10 Esquina Centro Cultural Barrio El Carmén Teléfono: 8270830 Ext: 34
Funcionando con KOHA
Contacto: Biblioteca Pública Municipal San Juan Bosco/ bibliotecasanjuanbosco@mosquera-cundinamarca.gov.co
Mosquera, Cundinamarca